000 00747nam a2200217 a 4500
001 44165
003 BD-RjUL
005 20211209053817.0
008 160714s1961 bg ||||| |||| 00| f ben d
035 _a(BD-RjUL)44283
040 _aBD-RjUL
_bben
_cBD-RjUL
041 _aben
082 _223
_a891.443
_bISK 1961
100 _aইসলাম, কাজী নজরুল
_9117928
245 1 0 _aকুহেলিকা /
_cকাজী নজরুল ইসলাম
260 _aকলিকাতা :
_bডি.এম. লাইব্রেরী,
_c১৯৬১
300 _a১৭৬ পৃ. ;
_c১৬ সেমি.
650 _aবাংলা উপন্যাস
_9135614
650 _aBengali Fiction
_9135615
942 _2ddc
_cBK
_03
999 _c44165
_d44165